01135nam a2200289 i 4500001000700000003000700007005001700014008004100031020001800072080003400090080003000124080002600154100001800180245015400198246002400352260007100376300006100447504002900508546003500537600003300572600004800605650003700653655004000690700003100730710004800761852003600809186493SpMaBN20260214184140.0161118s2006 sp ao c |||| |dspa d a84-8026-307-5 a745.52 Albers, Anni (083.824) a7 Albers, Josef (083.824) a7.031.2(=87)(083.824)1 aAlbers, Anni.10aAnni Albers Josef b: viajes por Latinoamérica : 14 de noviembre de 2006-12 de febrero de 2007 : [exposición] / c[comisaria, Brenda Danilowitz].33aAnni y Josef Albers a[Madrid] : bMuseo Nacional Centro de Arte Reina Sofía, c[2006] a268 p. : bprincipalmente il. col. y n., fot. ; c29 cm. aBibliografía: p. [221] aTexto en español e inglés.17aAlbers, Anni-vExposiciones.17aAlbers, Josef, d1888-1976-vExposiciones204aArte precolombino-vExposiciones 72tgfbneaCatálogos de exposiciones0 aAlbers, Josef, d1888-19762 aMuseo Nacional Centro de Arte Reina Sofía aES-MaACLjL-30837 z- enc. tela